000 00781nam a2200241 i 4500
001 C2-0317710
003 PPAK
005 20180728113812.0
008 120925s xx a|||| ||||| | may d
040 _aPPAK
_beng
_cPPAK
_erda
082 0 4 _a899.2391
_223
090 0 0 _a899.2391
_bARI
_dKIH
100 0 _aAriyati Basiron,
_eauthor
245 1 0 _aSifat-sifat naskah Melayu akibat dari tulisan jawi dan proses penyalinan
264 1 _a[place of publication not identified] :
_b[publisher not identified] ,
_c[date of publication not identified]
300 _a5 pages :
_billustrations ;
_c33 cm
336 _2rdacontent
_atext
337 _2rdamedia
_aunmediated
338 _2rdacarrier
_avolume
500 _a[Kursus] AH 321
650 1 0 _aMalay Literature
942 _ddc
_cB
999 _c118720
_d118720